Toefl - ibt 120 reading : Bộ sách kèm 1 CD-Rom và MP3 luyện thi và mô phỏng đề thi Toefl đầu tiên trên toàn quốc
TOEFL-iBT - Tài Liệu Luyện Thi Trắc Nghiệm TOEFL Qua Mạng: 120 Reading là bộ sách đầu tiên về TOEFL - iBT kèm CD - ROM. Các câu hỏi trong sách trích dẫn từ các đề thi thực tế, nội dung sách phong phú đa dạng. CD - ROM mô phỏng quá trình thi TOEFL thực t...
Gespeichert in:
| 1. Verfasser: | |
|---|---|
| Format: | Buch |
| Sprache: | Undetermined |
| Veröffentlicht: |
Thành phố Hồ Chí Minh
Tổng hợp
2014
|
| Schlagworte: | |
| Tags: |
Tag hinzufügen
Keine Tags, Fügen Sie den ersten Tag hinzu!
|
| Thư viện lưu trữ: | Trung tâm Học liệu Trường Đại học Cần Thơ |
|---|
| LEADER | 01359nam a2200229Ia 4500 | ||
|---|---|---|---|
| 001 | CTU_197001 | ||
| 008 | 210402s9999 xx 000 0 und d | ||
| 020 | |c 168000 | ||
| 082 | |a 428.0076 | ||
| 082 | |b C948 | ||
| 100 | |a Crooks, Rick | ||
| 245 | 0 | |a Toefl - ibt 120 reading : | |
| 245 | 0 | |b Bộ sách kèm 1 CD-Rom và MP3 luyện thi và mô phỏng đề thi Toefl đầu tiên trên toàn quốc | |
| 245 | 0 | |c Rick Crooks ; Nhân văn group dịch và chú giải | |
| 260 | |a Thành phố Hồ Chí Minh | ||
| 260 | |b Tổng hợp | ||
| 260 | |c 2014 | ||
| 520 | |a TOEFL-iBT - Tài Liệu Luyện Thi Trắc Nghiệm TOEFL Qua Mạng: 120 Reading là bộ sách đầu tiên về TOEFL - iBT kèm CD - ROM. Các câu hỏi trong sách trích dẫn từ các đề thi thực tế, nội dung sách phong phú đa dạng. CD - ROM mô phỏng quá trình thi TOEFL thực tế, giúp người học làm quen với tiến trình lúc thi, thông qua các chức năng của phần mềm TOEFL - iBT, người học sẽ nâng cao hơn nữa năng lực vốn có của mình | ||
| 650 | |a English language,Anh ngữ | ||
| 650 | |x Examinations,Kỳ thi | ||
| 904 | |i Tuyến | ||
| 980 | |a Trung tâm Học liệu Trường Đại học Cần Thơ | ||